| 000 | 00767nam a2200229 a 4500 | ||
|---|---|---|---|
| 005 | 20240215063814.0 | ||
| 008 | 160817s2015 mx r 000 0 spa d | ||
| 020 | _a9786074019506 | ||
| 035 | _aUPN01000212400 | ||
| 049 | _aCG | ||
| 050 | 4 |
_aHV1448 M6 _bB8.5 |
|
| 100 | 1 |
_aBueno Lázaro, Isabel _939443 |
|
| 245 | 1 | 0 |
_aMujeres pobreza y salud mental : _bsobre la pobreza de las mujeres y sus consecuencias / _cIsabel Bueno Lázaro. |
| 260 |
_aMéxico : _bCámara de Diputados LXII : _bMiguel Angel Porrúa, _c2015. |
||
| 300 | _a121 p. | ||
| 440 | 0 | _aEstudios de género | |
| 650 | 4 |
_aMujeres pobres _zMéxico _925225 |
|
| 650 | 4 |
_aMUJERES POBRES - _xSALUD MENTAL _925224 |
|
| 650 | 4 |
_aDEPRESION EN MUJERES - _zMEXICO _925223 |
|
| 905 | _aLibro | ||
| 999 |
_c184500 _d184500 |
||